000 00678cab a2200217 4500
001 WB3029-30
008 090401t1994 xxu||||| |||| 00| 0 eng d
035 _a(Sirsi) u16652
041 _aeng
245 _aUpswing boosts jobs market
260 _c1994
350 _a0
490 _aProperty Week
_v48 (4-5) 28 July 1994-4 August 1994, 4(1)
520 _aSurvey of recruitment consultancies notes an upswing in the jobs market within the property and construction sector.
650 _aABOUT RICS-RICS MEMBERS
650 _aEMPLOYMENT
650 _aRECRUITMENT
690 _aMANAGEMENT-BUSINESS MANAGEMENT-PROFESSIONAL PRACTICE
942 _n0
948 _c04/03/1997
999 _c10993
_d10993